000 00481nam a2200181Ia 4500
003 LK-CoDNM
008 010623t2005 xxu||||| |||| 00| 1 sin d
040 _aLK-CoDNM
_dLK-CoDNM
_eLK-CoDNM
041 _asin
080 _a929 RAM
100 _aRamanayaka, Gunarathna
245 _aලොව සෙලවූ මිනිස්සු 6
246 _aLova selavu minissu 6
260 _bS.Godage
_aColombo
_c2005
300 _b(xi)79, 22 cm
650 _aBiography
942 _cBK
999 _c125063
_d125063